000 00677cam a22002411 4500
001 7027526
005 20180125033555.0
008 750819s1961 iau b 000 0 eng
010 _a 61013314
035 _a(OCoLC)1559739
040 _aDLC
_cFMU
_dOCoLC
_dDLC
041 _aeng
042 _apremarc
080 _a613.71 DAV
082 _a613.71 DAV
100 1 _a7
101 _aANA
245 1 0 _aBiophysical values of muscular activity,
_cby Elwood Craig Davis and Gene A. Logan.
504 _aIncludes bibliography.
740 0 _aMuscular activity.
906 _a7
_bcbc
_coclcrpl
_du
_encip
_f19
_gy-gencatlg
942 _2ddc
_cBK
999 _c40890
_d40890